000 00654nam a2200193Ia 4500
003 GCL
008 140319s9999 xx 000 0 ara d
040 _aGCL /
_cGCL
082 0 4 _a823.03
_bر ظ
100 1 _aرولينجز، مارجورى كينان
245 1 0 _aالظبى الصغير (هدية من الاديب عبدالفتاح الجمل) /
_cرولينجز، مارجورى كينان
700 1 _aشوقى السكرى
300 _a509 ص
490 _aمن الادب العالمى
_v0
650 0 4 _aالادب الامريكى
650 0 4 _aالقصص الامريكية
650 0 4 _aالقصص الطويلة
942 _2ddc
_cBK
999 _c39501
_d39501